| 000 | 00842nam a2200229 a 4500 | ||
|---|---|---|---|
| 001 | 13100 | ||
| 003 | BD-JhCC | ||
| 005 | 20230710103932.0 | ||
| 008 | 230622s2022 bg a|||| |||| 000 0 ben d | ||
| 020 | _a9789849555865 | ||
| 035 | _a(BD-JhCC)13100 | ||
| 040 |
_aBD-JhCC _dBD-JhCC |
||
| 041 | _aben | ||
| 082 |
_a500 _bALM 2022 |
||
| 100 | _aআল-মুতী, আবদুল্লাহ | ||
| 245 |
_aবিজ্ঞান ত্রয়ী : _bআবিষ্কারের নেশায়, সাগরের রহস্যপুরী, আকাশ অনেক বড় / _cআবদুল্লাহ আল-মুতী. |
||
| 260 |
_aঢাকা : _bঅনুপম প্রকাশনী, _c২০২২. |
||
| 300 |
_a২০৭ পৃ. : _bill. _c21 cm. |
||
| 650 | _aScience | ||
| 942 |
_2ddc _cBK |
||
| 999 |
_c13100 _d13100 |
||